| 000 | 00522nam a2200181Ia 4500 | ||
|---|---|---|---|
| 999 |
_c3670 _d3670 |
||
| 003 | OSt | ||
| 005 | 20200812145137.0 | ||
| 008 | 190216s9999||||xx |||||||||||||| ||und|| | ||
| 020 | _a9788130917740 | ||
| 040 | _coclc | ||
| 082 |
_a547 _bPAR/T |
||
| 100 |
_aParashar, Rakesh K _94078 |
||
| 245 | 0 |
_aTextbook Of Organic Chemistry / _cRakesh K Parashar ; V K Ahluwalia |
|
| 260 |
_bViva Books, _c2012. _aNew Delhi: |
||
| 300 | _a486p | ||
| 650 | _aChemistry | ||
| 942 |
_cBK _2ddc _h547 _iPAR/T _k547 _mPAR/T |
||